000 00366nam a2200145Ia 4500
008 230711s9999||||xx |||||||||||||| ||und||
041 _aENG
082 _a4
_bPE-M
100 _aPeatman,John B
245 0 _aMicro computer based design
250 _a2nd
260 _c1986
_aNew York
_bTata McGraw Hill Education Limited
650 _aComputer Engineering
942 _cBK
999 _c373
_d373